Catálogo
 En Linea

Una bibliografía cronológica de las antologías literarias dominicanas (1874-1996) / (Registro nro. 25402)

Detalles MARC
000 -CABECERA
campo de control de longitud fija 00835nam a2200217 a 4500
001 - NÚMERO DE CONTROL
campo de control 000025910
005 - FECHA Y HORA DE LA ÚLTIMA TRANSACCIÓN
campo de control 20240418073801.0
008 - DATOS DE LONGITUD FIJA--INFORMACIÓN GENERAL
campo de control de longitud fija 110224s1996 dr 000 0 spa d
040 ## - FUENTE DE LA CATALOGACIÓN
Centro catalogador/agencia de origen DO-SdBNP
Lengua de catalogación spa
Centro/agencia transcriptor BNPHU
082 ## - NÚMERO DE LA CLASIFICACIÓN DECIMAL DEWEY
Número de clasificación R 016.860097293
Número de documento/Ítem B582c
245 04 - MENCIÓN DE TÍTULO
Título Una bibliografía cronológica de las antologías literarias dominicanas (1874-1996) /
Mención de responsabilidad, etc. compilador Miguel Collado.
260 ## - PUBLICACIÓN, DISTRIBUCIÓN, ETC.
Lugar de publicación, distribución, etc. Santo Domingo :
Nombre del editor, distribuidor, etc. Ediciones CEDIBIL,
Fecha de publicación, distribución, etc. 1996.
300 ## - DESCRIPCIÓN FÍSICA
Extensión 27 p. ;
Dimensiones 22 cm.
490 1# - MENCIÓN DE SERIE
Mención de serie Calímaco
-- cuaderno
Designación de volumen o secuencia 5,
-- 1
590 ## - NOTA LOCAL (RLIN)
Nota local Inventariado, 2019/VM
650 ## - PUNTO DE ACCESO ADICIONAL DE MATERIA--TÉRMINO DE MATERIA
Término de materia o nombre geográfico como elemento de entrada Literatura dominicana
Subdivisión cronológica 1874-1996
Subdivisión de forma COLECCIONES
9 (RLIN) 52773
650 #4 - PUNTO DE ACCESO ADICIONAL DE MATERIA--TÉRMINO DE MATERIA
Término de materia o nombre geográfico como elemento de entrada Literatura dominicana
Subdivisión cronológica 1874-1996
Subdivisión de forma BIBLIOGRAFÍAS
9 (RLIN) 52774
700 1# - PUNTO DE ACCESO ADICIONAL--NOMBRE DE PERSONA
Nombre de persona Collado, Miguel A.,
Fechas asociadas al nombre 1954-
Término indicativo de función/relación comp.
9 (RLIN) 24696
830 #0 - PUNTO DE ACCESO ADICIONAL DE SERIE-TÍTULO UNIFORME
Título uniforme Calímaco
Nombre de parte o sección de la obra cuaderno
Designación de volumen o secuencia 5,
Número de parte o sección de la obra 1
9 (RLIN) 52775
910 ## - DATOS DE OPCIÓN DEL USUARIO (OCLC)
Datos de opción del usuario Validado. Control de calidad MFF
Existencias
Estado de retiro Estado de pérdida Restricciones de uso No para préstamo Código de colección Localización permanente Ubicación/localización actual Ubicación en estantería Fecha de adquisición Número de inventario Total de préstamos Signatura topográfica completa Código de barras Fecha visto por última vez Número de copia Precio válido a partir de Tipo de ítem Koha
        Dominicana de Servicio General General Depósito 17.06.2015 LF1   R 016.860097293 B582c 25910-30 25.06.2020 e. 3 25.06.2020 Libro y Folleto Colección Dominicana de Servicio
      Excluido de préstamo Patrimonio Dominicano Patrimonio Dominicano Patrimonio Dominicano Depósito 24.02.2011 LF1   R 016.860097293 B582c 25910-10 25.06.2020   25.06.2020 Libro y Folleto Colección Patrimonio Dominicano
      Excluido de préstamo Patrimonio Dominicano Patrimonio Dominicano Patrimonio Dominicano Depósito 14.03.2011 LF1   R 016.860097293 B582c 25910-20 25.06.2020 e. 2 25.06.2020 Libro y Folleto Colección Patrimonio Dominicano

Con tecnología Koha